000 00657cam a2200241 4500
008 090401t1988 xxu||||| |||| 00| 0 eng d
020 _a0852952201
035 _a(Sirsi) u13644
041 _aeng
050 _a658.1552
110 _aInstitution of Chemical Engineers
_91773
245 2 _aA guide to capital cost estimating
250 _a3rd ed.
260 _aRugby
_bInstitution of Chemical Engineers
_c1988
300 _aviii,131p. ; 21cm.
350 _a16
650 _aCHEMICAL INDUSTRY
650 _aCOST ENGINEERING
650 _aVALUE ENGINEERING
710 _aAssociation of Cost Engineers
_91254
942 _n0
948 _c04/03/1997
999 _c87124
_d87124